000 00782nam a22002057a 4500
999 _c4405
_d4405
003 AR-CdUCM
008 190308b ||||| |||| 00| 0 spa d
040 _aMUNICIPALIDAD PROVINCIAL DEL CUSCO
_cBIBLIOTECA MUNICIPAL DEL CUSCO
082 _a909.82 /
_bEN64
100 _aEnrich, Silvia
_913890
245 _aHistoria Diplomática entre España e Iberoamérica en el contexto de las relaciones internacionales :
_b(1955 - 1985) /
260 _aMadrid :
_bEdiciones de Cultura Hispánica ,
_c1989.
300 _a348 páginas ;
_c24 cm.
505 _aContenido : Europa Occidental -- Relaciones Hispano- americanas -- decada de 1955...
650 _aHistoria Española
_913891
650 _aSiglo XIX
_9971
650 _aPaises Hispanos
_913892
942 _2ddc
_cLIBROS
945 _artm